Perspective in heavy ion physics : 4th I Italy-Japan Symposium RIKEN & University of Tokyo, Japan 26-29 September 2001
The proceedings of the 4th Italy-Japan Symposium on Heavy Ion Physics cover the following fields of nuclear physics: heavy ion nuclear reactions; nuclei under extreme conditions; nuclear astrophysics; photon detectors and physics; technology of RI beams and experimental instrumentation; application...
Bewaard in:
| Formaat: | Boek |
|---|---|
| Taal: | Undetermined |
| Gepubliceerd in: |
New Jersey
World Scientific
2002
|
| Onderwerpen: | |
| Tags: |
Voeg label toe
Geen labels, Wees de eerste die dit record labelt!
|
| Thư viện lưu trữ: | Trung tâm Học liệu Trường Đại học Cần Thơ |
|---|
| LEADER | 00914nam a2200205Ia 4500 | ||
|---|---|---|---|
| 001 | CTU_156784 | ||
| 008 | 210402s9999 xx 000 0 und d | ||
| 020 | |c 177.09 | ||
| 082 | |a 539.7234 | ||
| 082 | |b P466 | ||
| 245 | 0 | |a Perspective in heavy ion physics : | |
| 245 | 0 | |b 4th I Italy-Japan Symposium RIKEN & University of Tokyo, Japan 26-29 September 2001 | |
| 245 | 0 | |c K. Yoshida ... [et al.] editor | |
| 260 | |a New Jersey | ||
| 260 | |b World Scientific | ||
| 260 | |c 2002 | ||
| 520 | |a The proceedings of the 4th Italy-Japan Symposium on Heavy Ion Physics cover the following fields of nuclear physics: heavy ion nuclear reactions; nuclei under extreme conditions; nuclear astrophysics; photon detectors and physics; technology of RI beams and experimental instrumentation; application of RI beams | ||
| 650 | |a Heavy ions | ||
| 904 | |i Tuyến | ||
| 980 | |a Trung tâm Học liệu Trường Đại học Cần Thơ | ||